000
00224nam a2200097Ia 4500
008
240331s9999 xx 000 0 und d
082
_b
OBR
100
_a
O'Brien, J
245
0
_a
Women's liberation in labour history
942
_c
L
999
_c
1729
_d
1729